LIBRARY ONLINE CATALOGUE

Cataloguing and classification for library personnel. (Record no. 10834)

MARC details
000 -LEADER
fixed length control field 00660nam a22002292 4500
001 - CONTROL NUMBER
control field 0000005367
005 - DATE AND TIME OF LATEST TRANSACTION
control field 20151217154352.0
008 - FIXED-LENGTH DATA ELEMENTS--GENERAL INFORMATION
fixed length control field 070612s xx 000 0 eng d
020 ## - INTERNATIONAL STANDARD BOOK NUMBER
International Standard Book Number 8179921905 :
Terms of availability KES 4,900
040 ## - CATALOGING SOURCE
Original cataloging agency KABU
Transcribing agency KABU
050 #0 - LIBRARY OF CONGRESS CALL NUMBER
Classification number Z693
Item number .K36 2003
100 1# - MAIN ENTRY--PERSONAL NAME
Personal name Kao, Mary Liu.
-- 0000156645
245 10 - TITLE STATEMENT
Title Cataloguing and classification for library personnel.
250 ## - EDITION STATEMENT
Edition statement 2nd ed.
260 ## - PUBLICATION, DISTRIBUTION, ETC. (IMPRINT)
Place of publication, distribution, etc. Mumbai :
Name of publisher, distributor, etc. Jaico,
Date of publication, distribution, etc. 2003.
300 ## - PHYSICAL DESCRIPTION
Extent xiii, 146 p.
650 #0 - SUBJECT ADDED ENTRY--TOPICAL TERM
Topical term or geographic name as entry element Cataloguing.
-- 0000156644
650 #0 - SUBJECT ADDED ENTRY--TOPICAL TERM
Topical term or geographic name as entry element Classification
General subdivision Books.
-- 0000156646
908 ## - PUT COMMAND PARAMETER (RLIN)
Put command parameter 070612
950 ## - LOCAL HOLDINGS (RLIN)
-- 1
Holdings
Withdrawn status Lost status Source of classification or shelving scheme Not for loan Home library Current library Date acquired Total Checkouts Full call number Barcode Date last seen Price effective from Koha item type
    Library of Congress Classification   Kabarak, Main Campus Kabarak, Main Campus 17/12/2015   Z693 .K36 2003 001961 17/12/2015 17/12/2015 General Collection